| 000 | 00717nam a22002057a 4500 | ||
|---|---|---|---|
| 008 | 120131t xxu||||| |||| 00| 0 eng d | ||
| 020 | _a0138961433 9780138961435 | ||
| 050 | _aHD31.R55 | ||
| 100 | _aRobbins, Stephen P. | ||
| 245 |
_aFundamentals of management : essential concepts and applications / _cStephen P. Robbins |
||
| 260 |
_aUpper Saddle River, N.J. : _b Prentice Hall, _c1998. |
||
| 300 |
_axxiii, 516 + various pagings: _bill; _c26cm. |
||
| 500 | _aIncludes index. | ||
| 505 | _aContents: Introduction -- Planning -- Organizing -- Leading -- Controlling. | ||
| 650 | _aManagement. | ||
| 650 | _aTeams in the workplace. | ||
| 650 | _aLeadership. | ||
| 700 | _aDecenzo, David A. | ||
| 942 |
_2lcc _cBK |
||
| 999 |
_c541 _d8041 |
||